Rogate - 9.5.1999: Lukas 11,5-13
| Main Author: | |
|---|---|
| Format: | Print Article |
| Language: | German |
| Check availability: | HBZ Gateway |
| Interlibrary Loan: | Interlibrary Loan for the Fachinformationsdienste (Specialized Information Services in Germany) |
| Published: |
1999
|
| In: |
Göttinger Predigt-Meditationen
Year: 1999, Volume: 53, Pages: 239-246 |
| Standardized Subjects / Keyword chains: | B
Bible. Lukasevangelium 11,5-13
|
| IxTheo Classification: | HC New Testament RE Homiletics |
| Further subjects: | B
Sermon aid
|
MARC
| LEADER | 00000caa a2200000 c 4500 | ||
|---|---|---|---|
| 001 | 1641166142 | ||
| 003 | DE-627 | ||
| 005 | 20220616112256.0 | ||
| 007 | tu | ||
| 008 | 160405s1999 xx ||||| 00| ||ger c | ||
| 035 | |a (DE-627)1641166142 | ||
| 035 | |a (DE-576)465189938 | ||
| 035 | |a (DE-599)BSZ465189938 | ||
| 040 | |a DE-627 |b ger |c DE-627 |e rakwb | ||
| 041 | |a ger | ||
| 084 | |a 1 |2 ssgn | ||
| 100 | 1 | |0 (DE-588)122310667 |0 (DE-627)081868448 |0 (DE-576)29321364X |4 aut |a Neugebauer, Fritz |d 1932-2018 | |
| 109 | |a Neugebauer, Fritz 1932-2018 |a Neugebauer, F. 1932-2018 | ||
| 245 | 1 | 0 | |a Rogate - 9.5.1999 |b Lukas 11,5-13 |
| 264 | 1 | |c 1999 | |
| 336 | |a Text |b txt |2 rdacontent | ||
| 337 | |a ohne Hilfsmittel zu benutzen |b n |2 rdamedia | ||
| 338 | |a Band |b nc |2 rdacarrier | ||
| 500 | |a Zugleich 88. 1999, 2 von Pastoraltheologie | ||
| 652 | |a HC:RE | ||
| 655 | 7 | |a Predigthilfe |0 (DE-588)4175601-0 |0 (DE-627)10536293X |0 (DE-576)209964782 |2 gnd-content | |
| 689 | 0 | 0 | |d u |0 (DE-588)7640022-0 |0 (DE-627)485180847 |0 (DE-576)299305201 |a Bibel |2 gnd |p Lukasevangelium |n 11,5-13 |
| 689 | 0 | |5 (DE-627) | |
| 773 | 0 | 8 | |i In |t Göttinger Predigt-Meditationen |b [Gemeinschaftsausgabe] |d Göttingen : Vandenhoeck & Ruprecht, 1946 |g 53(1999), Seite 239-246 |w (DE-627)129305685 |w (DE-600)124170-9 |w (DE-576)01450135X |x 0340-6083 |7 nnas |
| 773 | 1 | 8 | |g volume:53 |g year:1999 |g pages:239-246 |
| 935 | |a mteo | ||
| 951 | |a AR | ||
| BIB | |a 1 | ||
| BIR | |a 03011005_03011013 |b biblesearch | ||
| ELC | |b 1 | ||
| ITA | |a 1 |t 1 | ||
| LOK | |0 000 xxxxxcx a22 zn 4500 | ||
| LOK | |0 001 3303749833 | ||
| LOK | |0 003 DE-627 | ||
| LOK | |0 004 1641166142 | ||
| LOK | |0 005 20160405124235 | ||
| LOK | |0 008 160404||||||||||||||||ger||||||| | ||
| LOK | |0 040 |a DE-Tue135 |c DE-627 |d DE-Tue135 | ||
| LOK | |0 092 |o n | ||
| LOK | |0 852 |a DE-Tue135 | ||
| LOK | |0 852 1 |9 00 | ||
| LOK | |0 935 |a ixzs |a ixmi | ||
| LOK | |0 936ln |0 1442044136 |a HC | ||
| LOK | |0 936ln |0 1442053135 |a RE | ||
| LOK | |0 939 |a 04-04-16 |b l01 | ||
| ORI | |a SA-MARC-ixtheoa001.raw | ||
| SUB | |a BIB | ||